• 首页
  • 本馆介绍
  • 公告通知
  • 最新文献
  • 馆藏检索
  • 电子资源
  • 读者导购
  • 参考咨询
  • 我的图书馆
  • 登录
  • 详细信息显示
  • 放入我的书架
  • 预约/预借图书
  • 作者相关作品
  • 分类相关作品
  • 丛书相关作品
  • 出版社相关作品

书目信息

  • 表格格式
  • 工作单格式
  • 卡片格式
书名: Social problems
作者: Joe R. Feagin, Clairece Booher Feagin.
分册号:
分册名:
出版地: Englewood Cliffs, N.J. :
 
出版社: Prentice Hall
出版时间: c1990.
页数: xvii, 478 p. :
开本: 24 cm.
丛书名:
中图分类号:
科图分类号:
其他分类号: D771.26
主题词:
电子资源:
000 01053pam 2200325 a 4500
001 E0758141749
005 20070513161129.07
008 040721s1990 njua b 001 0 eng
010    @a 89023155
020    @a0-13-817552-7.
035    @A(DLC) 89023155
040    @aDLC@cDLC@dDLC
043    @an-us---
050 00 @aHN59.2@b.F4 1990
082 00 @a306/.0973 @2 20
090    @aD771.26
093    @aD771.26 @2 4
099    @dD771.26@ex110=3
100 1  @aFeagin, Joe R.
245 10 @aSocial problems :@ba critical power-conflict perspective / @cJoe R. Feagin, Clairece Booher Feagin.
250    @a3rd ed.
260    @aEnglewood Cliffs, N.J. :@bPrentice Hall,@cc1990.
300    @axvii, 478 p. :@bill. ;@c24 cm.
504    @aIncludes bibliographical references and index.
650  0 @aSocial conflict@zUnited States.
650  0 @aPower (Social sciences)
650  0 @aSocial problems.
651  0 @aUnited States@xSocial conditions@y1980-
700 1  @aFeagin, Clairece Booher.
920    @a232010@z2
    
    Social problems : : a critical power-conflict perspective / / Joe R. Feagin, Clairece Booher Feagin.-3rd ed.-Englewood Cliffs, N.J. : : Prentice Hall, , c1990.
    xvii, 478 p. : : ill. ; ; 24 cm.
    Includes bibliographical references and index.
    
    ISBN 0-13-817552-7.
    
●
相关链接 在E读中查询图书 在五车中查询图书 在当当中查询图书 在豆瓣中查询图书


正题名:Social problems     索取号:D771.26/x110=3         预约/预借

序号 登录号 条形码 馆藏地/架位号 状态 备注
1 8554   300085547   第二样本阅览室/ [索取号:D771.26/x110=3] 在馆    
唐山师范学院图书馆 欢迎您!
大连网信软件有限公司© 版权所有